000 00555nam a2200193Ia 4500
003 GCL
008 140319s9999 xx 000 0 ara d
040 _aGCL /
_cGCL
082 0 4 _aق
_b932.01
_bا ا
100 1 _aابراهيم احمد زرقانة
245 1 0 _aالحضارات المصرية فى فجر التاريخ /
_cابراهيم احمد زرقانة
300 _a265 ص
490 _a
650 0 4 _aمصر
650 0 4 _aتاريخ
650 0 4 _aالعصر الحجرى
650 0 4 _aالحضارة القديمة
942 _2ddc
_cBK
999 _c45266
_d45266